[Event "Palmanova op 8th"]
[Site "Palmanova"]
[Date "2019.12.08"]
[Round "5"]
[White "Belli, Giorgio"]
[Black "Forti, Francesco"]
[Result "1/2-1/2"]
[WhiteElo "2136"]
[BlackElo "1903"]
[PlyCount "113"]
[EventDate "2019.12.06"]
[EventType "swiss"]
[EventRounds "5"]
[EventCountry "ITA"]
[SourceTitle "CBM 193 Extra"]
[Source "ChessBase"]
[SourceDate "2020.01.31"]
[SourceVersion "1"]
[SourceVersionDate "2020.01.31"]
[SourceQuality "1"]

1. b3 c5 2. Bb2 d6 3. f4 Nc6 4. Nf3 e6 5. e3 Nf6 6. Be2 Be7 7. 0-0 0-0 8. a4 b6 9. Na3 Bb7 10. Nc4 Qd7 11. Qe1 Nb4 12. Rc1 Qc7 13. c3 Nc6 14. d4 a6 15. Bd3 b5 16. axb5 axb5 17. Na3 b4 18. cxb4 Nxb4 19. Be2 Rfc8 20. dxc5 dxc5 21. Nc4 Ne4 22. Nfd2 Bf6 23. Nxe4 Bxb2 24. Nxb2 Bxe4 25. Na4 Qa7 26. Qd2 Rd8 27. Qb2 c4 28. Bxc4 Qxe3+ 29. Qf2 Qxf2+ 30. Rxf2 Bd3 31. Rd2 Bxc4 32. Rxd8+ Rxd8 33. Rxc4 Nd5 34. Kf2 Kf8 35. Kf3 Rb8 36. Nc5 Ke7 37. g3 f5 38. Ke2 Kd6 39. Kd3 Rb5 40. Kd4 h6 41. Nd3 Rxb3 42. Ra4 g5 43. Ra7 gxf4 44. gxf4 Rb6 45. Ne5 Rb4+ 46. Nc4+ Kc6 47. Ra6+ Kd7 48. Kc5 Rxc4+ 49. Kxc4 Nxf4 50. Kd4 Ke7 51. Ke3 Ng6 52. Kf3 Kf6 53. Kg3 h5 54. Kf3 Ne5+ 55. Kg3 Ng6 56. Kf3 Ne5+ 57. Kg3 1/2-1/2

[Event "Palmanova op 8th"]
[Site "Palmanova"]
[Date "2019.12.06"]
[Round "1"]
[White "Lumachi, Gabriele"]
[Black "Forti, Francesco"]
[Result "1-0"]
[WhiteElo "2241"]
[BlackElo "1903"]
[PlyCount "83"]
[EventDate "2019.12.06"]
[EventType "swiss"]
[EventRounds "5"]
[EventCountry "ITA"]
[SourceTitle "CBM 193 Extra"]
[Source "ChessBase"]
[SourceDate "2020.01.31"]
[SourceVersion "1"]
[SourceVersionDate "2020.01.31"]
[SourceQuality "1"]

1. d4 Nf6 2. Nf3 e6 3. c4 b6 4. g3 Bb7 5. Bg2 Nc6 6. 0-0 d5 7. cxd5 exd5 8. Ne5 Bd6 9. Nxc6 Bxc6 10. Nc3 0-0 11. Bg5 Be7 12. Qc2 Bb7 13. Rac1 h6 14. Bf4 Qd7 15. Rfd1 Rac8 16. Qd3 Rfd8 17. Rc2 c5 18. dxc5 bxc5 19. b3 d4 20. Bxb7 Qxb7 21. Na4 Nd5 22. Bd2 Qc7 23. Rdc1 Bf8 24. Qb5 Qe5 25. Qd3 Nf6 26. b4 Nd7 27. Nb2 Re8 28. e3 Rb8 29. exd4 Qxd4 30. bxc5 Bxc5 31. Qxd4 Bxd4 32. Nd3 Ne5 33. Nxe5 Bxe5 34. Re1 Bd4 35. Rxe8+ Rxe8 36. Kf1 Kh7 37. a4 Re5 38. a5 Re7 39. Rc4 Bf6 40. Be3 Rd7 41. a6 Bd8 42. Rd4 1-0

[Event "Crema op-B 17th"]
[Site "Crema"]
[Date "2016.09.03"]
[Round "4"]
[White "Forti, Francesco"]
[Black "Annicchiarico, Luigi"]
[Result "1/2-1/2"]
[WhiteElo "1704"]
[BlackElo "1804"]
[PlyCount "70"]
[EventDate "2016.09.02"]
[EventType "swiss"]
[EventRounds "6"]
[EventCountry "ITA"]
[SourceTitle "EXT 2018"]
[Source "ChessBase"]
[SourceDate "2017.10.13"]
[SourceVersion "1"]
[SourceVersionDate "2017.10.13"]
[SourceQuality "1"]

1. d4 e6 2. c4 d5 3. Nc3 f5 4. Nf3 c6 5. b3 Nf6 6. Bb2 Bd6 7. e3 Nbd7 8. Bd3 0-0 9. Qc2 Ne4 10. Nd2 Qh4 11. Nf3 Qe7 12. 0-0-0 Ndf6 13. h3 Nxc3 14. Bxc3 Ne4 15. Bb2 a5 16. Ne5 Bd7 17. f3 Ng5 18. e4 fxe4 19. fxe4 Bxe5 20. dxe5 Nxe4 21. Bxe4 dxe4 22. Rhe1 Be8 23. Qxe4 Qg5+ 24. Rd2 Rd8 25. Bc3 Bg6 26. Qe2 Rxd2 27. Qxd2 Qxd2+ 28. Kxd2 Rf2+ 29. Re2 Rxe2+ 30. Kxe2 a4 31. bxa4 Kf7 32. Ke3 Ke7 33. Kd4 Kd7 34. Kc5 Bd3 35. Kb6 Kc8 1/2-1/2

[Event "Olbia CIG U16 24th"]
[Site "Olbia"]
[Date "2016.07.02"]
[Round "9"]
[White "Loiacono, Leonardo"]
[Black "Forti, Francesco"]
[Result "1-0"]
[WhiteElo "2089"]
[BlackElo "1694"]
[PlyCount "73"]
[EventDate "2016.06.26"]
[EventType "swiss"]
[EventRounds "9"]
[EventCountry "ITA"]
[SourceTitle "EXT 2024"]
[Source "ChessBase"]
[SourceDate "2023.10.10"]
[SourceVersion "1"]
[SourceVersionDate "2023.10.10"]
[SourceQuality "1"]

1. b3 c5 2. Bb2 d6 3. e3 e6 4. f4 Nf6 5. Nf3 Nc6 6. Be2 Be7 7. 0-0 a6 8. h3 b6 9. d3 Bb7 10. Qd2 Qc7 11. a3 0-0 12. Qe1 Nd5 13. Qf2 Bf6 14. c3 b5 15. Nfd2 Na5 16. b4 cxb4 17. axb4 Nc6 18. Ne4 Bd8 19. Qg3 f5 20. Ng5 Bxg5 21. fxg5 Ne5 22. Ra3 Qb6 23. d4 Nc4 24. Bxc4 bxc4 25. Nd2 Rac8 26. Raa1 e5 27. g6 f4 28. gxh7+ Kh8 29. exf4 Nxf4 30. Kh2 Qc6 31. dxe5 dxe5 32. Nf3 Qg6 33. Nxe5 Qxg3+ 34. Kxg3 Ne2+ 35. Kh2 Rxf1 36. Rxf1 Bd5 37. Rf2 1-0

[Event "Olbia CIG U16 24th"]
[Site "Olbia"]
[Date "2016.06.30"]
[Round "6"]
[White "Forti, Francesco"]
[Black "Arena, Ignazio"]
[Result "0-1"]
[WhiteElo "1694"]
[BlackElo "1825"]
[PlyCount "70"]
[EventDate "2016.06.26"]
[EventType "swiss"]
[EventRounds "9"]
[EventCountry "ITA"]
[SourceTitle "EXT 2024"]
[Source "ChessBase"]
[SourceDate "2023.10.10"]
[SourceVersion "1"]
[SourceVersionDate "2023.10.10"]
[SourceQuality "1"]

1. d4 Nf6 2. c4 g6 3. Nc3 d5 4. cxd5 Nxd5 5. g3 Nxc3 6. bxc3 Bg7 7. Ba3 Na6 8. Bg2 c5 9. Nf3 Qa5 10. Bb2 0-0 11. 0-0 Rd8 12. e4 Bg4 13. h3 Bxf3 14. Bxf3 cxd4 15. cxd4 Bxd4 16. Bxd4 e5 17. Qb3 Rxd4 18. Qxb7 Rad8 19. Rac1 R4d7 20. Qb1 Rb8 21. Qc2 Nb4 22. Qb1 Nc6 23. Qc2 Nd4 24. Qc3 Qxa2 25. Ra1 Qb3 26. Qxb3 Rxb3 27. Bd1 Rc3 28. Ra5 f6 29. Bg4 Rb7 30. Rfa1 Rcc7 31. f4 Nb3 32. Be6+ Kf8 33. Bxb3 Rxb3 34. Rxa7 Rxa7 35. Rxa7 Rxg3+ 0-1

[Event "ITA-ch U16"]
[Site "Montesilvano"]
[Date "2015.06.30"]
[Round "2.1"]
[White "Forti, Francesco"]
[Black "Sonis, Francesco"]
[Result "0-1"]
[WhiteElo "1677"]
[BlackElo "2241"]
[PlyCount "52"]
[EventDate "2015.06.29"]
[EventType "swiss"]
[EventRounds "9"]
[EventCountry "ITA"]
[SourceTitle "EXT 2024"]
[Source "ChessBase"]
[SourceDate "2023.10.10"]
[SourceVersion "1"]
[SourceVersionDate "2023.10.10"]
[SourceQuality "1"]

1. d4 Nf6 2. c4 c5 3. d5 b5 4. cxb5 a6 5. bxa6 g6 6. Nc3 Bxa6 7. g3 d6 8. Bg2 Bg7 9. e4 Nfd7 10. Nge2 Ne5 11. 0-0 Nd3 12. f4 Qb6 13. Qd2 Nd7 14. Rf3 c4+ 15. Qe3 Nxc1 16. Rxc1 Qxb2 17. Rb1 Qa3 18. Bf1 0-0 19. Nd4 Nc5 20. Qd2 Nxe4 21. Nxe4 Bxd4+ 22. Kg2 c3 23. Nxc3 Bxc3 24. Qxc3 Qxa2+ 25. Qb2 Bxf1+ 26. Kxf1 Qxd5 0-1

[Event "Piacenza Province-ch"]
[Site "Piacenza"]
[Date "2015.03.08"]
[Round "4"]
[White "Sesenna, Andrea"]
[Black "Forti, Francesco"]
[Result "0-1"]
[WhiteElo "1440"]
[BlackElo "1570"]
[PlyCount "90"]
[EventDate "2015.03.06"]
[EventType "swiss"]
[EventRounds "5"]
[EventCountry "ITA"]
[SourceTitle "EXT 2017"]
[Source "ChessBase"]
[SourceDate "2016.10.25"]
[SourceVersion "1"]
[SourceVersionDate "2016.10.25"]
[SourceQuality "1"]

1. d4 Nf6 2. c4 g6 3. Nf3 Bg7 4. Nc3 0-0 5. e4 d6 6. Be2 Nfd7 7. 0-0 Nc6 8. d5 Nce5 9. Bd2 Nxf3+ 10. Bxf3 c6 11. Rc1 c5 12. Bg4 a6 13. a4 Rb8 14. Bf4 Ne5 15. Bxc8 Qxc8 16. Bxe5 Bxe5 17. h3 Qd7 18. f4 Bg7 19. Qg4 Qxg4 20. hxg4 b6 21. Rf2 Bxc3 22. Rxc3 b5 23. b3 bxa4 24. bxa4 Rb4 25. a5 Ra4 26. Rd2 Rxa5 27. e5 Rb8 28. Kh2 Ra1 29. Rcd3 Rc1 30. exd6 exd6 31. Re3 Rxc4 32. g3 a5 33. Ra2 Rd4 34. Rxa5 Rxd5 35. f5 gxf5 36. gxf5 Rxf5 37. g4 Rf6 38. g5 Re6 39. Rxe6 fxe6 40. Ra7 c4 41. Ra6 Rc8 42. Rxd6 c3 43. Rd1 c2 44. Rc1 Kg7 45. Kh3 Rc4 0-1

[Event "Piacenza Province-ch"]
[Site "Piacenza"]
[Date "2015.03.07"]
[Round "2"]
[White "Losi, Paolo"]
[Black "Forti, Francesco"]
[Result "1/2-1/2"]
[WhiteElo "1690"]
[BlackElo "1570"]
[PlyCount "109"]
[EventDate "2015.03.06"]
[EventType "swiss"]
[EventRounds "5"]
[EventCountry "ITA"]
[SourceTitle "EXT 2017"]
[Source "ChessBase"]
[SourceDate "2016.10.25"]
[SourceVersion "1"]
[SourceVersionDate "2016.10.25"]
[SourceQuality "1"]

1. d4 Nf6 2. Nf3 g6 3. Bg5 Bg7 4. c3 d6 5. Nbd2 Nbd7 6. e3 h6 7. Bxf6 Nxf6 8. Bd3 c5 9. Qc2 b6 10. 0-0-0 cxd4 11. exd4 Bd7 12. h3 b5 13. Rhe1 a5 14. Nh4 0-0 15. g4 b4 16. c4 a4 17. Qb1 e6 18. Bxg6 fxg6 19. Nxg6 Re8 20. Qd3 Nh7 21. Nf3 Nf8 22. Kb1 Nxg6 23. Qxg6 Qf6 24. Qxf6 Bxf6 25. Rd3 Rac8 26. Nd2 Bg5 27. Ne4 Rc6 28. Nxg5 hxg5 29. b3 axb3 30. axb3 Rf8 31. Rd2 Rcc8 32. Ra2 Rf3 33. Re3 Rxe3 34. fxe3 Rf8 35. Ra7 Be8 36. Ra6 Rf3 37. Rxd6 Rxe3 38. Kc2 Bg6+ 39. Kd2 Rxb3 40. Rxe6 Kf7 41. Rb6 Rb2+ 42. Ke3 b3 43. c5 Rb1 44. d5 Ke7 45. Rb7+ Kd8 46. d6 Be8 47. Kd2 b2 48. Kc3 Rc1+ 49. Kxb2 Rxc5 50. Rg7 Rd5 51. Kc3 Bc6 52. Kc4 Rxd6 53. Rxg5 Rh6 54. Rh5 Rxh5 55. gxh5 1/2-1/2

[Event "Piacenza Province-ch"]
[Site "Piacenza"]
[Date "2015.03.06"]
[Round "1"]
[White "Forti, Francesco"]
[Black "Speciale, Francesco"]
[Result "0-1"]
[WhiteElo "1570"]
[BlackElo "1872"]
[PlyCount "36"]
[EventDate "2015.03.06"]
[EventType "swiss"]
[EventRounds "5"]
[EventCountry "ITA"]
[SourceTitle "EXT 2017"]
[Source "ChessBase"]
[SourceDate "2016.10.25"]
[SourceVersion "1"]
[SourceVersionDate "2016.10.25"]
[SourceQuality "1"]

1. d4 d5 2. c4 e6 3. Nc3 Nf6 4. Bg5 c6 5. Nf3 Bb4 6. e3 Qa5 7. Qc2 Ne4 8. Rc1 Qxa2 9. Bh4 Nd7 10. Nd2 Nxc3 11. bxc3 Qxc2 12. Rxc2 Be7 13. Bg3 0-0 14. Bd3 dxc4 15. Nxc4 c5 16. Kd2 f5 17. Be2 cxd4 18. exd4 f4 0-1

[Event "Milan Crespi op-B 35th"]
[Site "Milan"]
[Date "2014.12.08"]
[Round "6"]
[White "Benedetti, Mario"]
[Black "Forti, Francesco"]
[Result "0-1"]
[WhiteElo "1348"]
[BlackElo "1576"]
[PlyCount "70"]
[EventDate "2014.12.04"]
[EventType "swiss"]
[EventRounds "7"]
[EventCountry "ITA"]
[SourceTitle "EXT 2017"]
[Source "ChessBase"]
[SourceDate "2016.10.25"]
[SourceVersion "1"]
[SourceVersionDate "2016.10.25"]
[SourceQuality "1"]

1. d4 d5 2. c4 e6 3. Nc3 Nf6 4. a3 Be7 5. e3 0-0 6. Bd3 b6 7. b4 Nbd7 8. Nf3 c5 9. bxc5 bxc5 10. 0-0 Nb6 11. cxd5 Nbxd5 12. Nxd5 Nxd5 13. Qc2 cxd4 14. Nxd4 g6 15. e4 Bf6 16. Nc6 Qd6 17. Rb1 Ne7 18. Nxe7+ Bxe7 19. Bh6 Rd8 20. Qc3 Qd4 21. Qxd4 Rxd4 22. Rb3 Bf8 23. Be3 Rd8 24. Bg5 Rd6 25. Bf4 Rb6 26. Rfb1 Rxb3 27. Rxb3 Bd7 28. Rb8 Rxb8 29. Bxb8 a5 30. Bc7 a4 31. e5 Bxa3 32. Bc2 Bb2 33. Bd6 a3 34. Bb3 Bc6 35. Bxa3 Bxa3 0-1